Pobreza y medio ambiente en América Latina /
Guardado en:
| Autor Corporativo: | |
|---|---|
| Otros Autores: | |
| Formato: | Libro |
| Idioma: | Spanish |
| Publicado: |
Buenos Aires :
Centro Interdisciplinario de Estudios sobre el Desarrollo Latinoamericano,
1995.
|
| Etiquetas: |
Agregar Etiqueta
Sin Etiquetas, Sea el primero en etiquetar este registro!
|
| LEADER | 01110nam a22001815a 4500 | ||
|---|---|---|---|
| 001 | EEA.libagro005442 | ||
| 005 | 20180628111636.0 | ||
| 008 | 130809s1995####ag############000#0#spa#d | ||
| 020 | |a 9509431435 | ||
| 082 | 0 | 4 | |a 333.7 |
| 082 | 0 | 4 | |a 333.713708694 |
| 245 | 0 | 0 | |a Pobreza y medio ambiente en América Latina / |c compilado por Ernst R. Hajek. |
| 260 | |a Buenos Aires : |b Centro Interdisciplinario de Estudios sobre el Desarrollo Latinoamericano, |c 1995. | ||
| 300 | |a 579 p. : |b il., mapas ; |c 21 cm. | ||
| 505 | 0 | |a El caso de Argentina / Héctor Sejenovich y Guillermo Gallo Mendoza -- El caso de Bolivia / Máximo Liberman Cruz y Carmen Ledo -- El caso de Brasil / Sérgio C. Buarque y Ester Maria Aguiar de Sousa -- El caso de Chile / Vicente Sánchez y Antonio Elizalde -- El caso de Costa Rica / José Luis Vega Carballo -- El caso de Perú / Efraín Gonzales de Olarte -- El caso de Venezuela / Roberto Briceño-Leon y Mariana Montoya Toledano. | |
| 700 | 1 | |a Hajek, Ernst R. | |
| 710 | 2 | |a Centro Interdisciplinario de Estudios sobre el Desarrollo Latinoamericano. | |
| 859 | |a AR-BbBCA |b BIB. AGRONOMIA |h 333.7 |i H154 |p 1996/2756 | ||
